Normal view
MARC view
Entry Topical Term
001 - CONTROL NUMBER
- control field: 207403
003 - CONTROL NUMBER IDENTIFIER
- control field:
005 - DATE AND TIME OF LATEST TRANSACTION
- control field: 20210601200647.0
008 - FIXED-LENGTH DATA ELEMENTS
- fixed length control field: 210601|| aca||aabn | a|a d
040 ## - CATALOGING SOURCE
- Original cataloging agency:
- Transcribing agency:
150 ## - HEADING--TOPICAL TERM
- Topical term or geographic name entry element: Divine right of kings
670 ## - SOURCE DATA FOUND
- Source citation: Work cat.: (): Bawa, T. S. 207401, Nehru's India :, 1958
